Heráldica : guía de sociedad guía de sociedad
Descripción Física:
v. ; 19 cm
MARC
| LEADER | 00000nam a2200000Ia 4500 | ||
|---|---|---|---|
| 001 | 14077, 14080, 14081, 14082 | ||
| 008 | 160829s9999 xx 000 0 cat d | ||
| 080 | |a O-1-109, O-1-110, O-1-111, O-1-112 | ||
| 245 | |a Heráldica : |b guía de sociedad | ||
| 260 | |a Madrid : |b Elias González Vera, [1945] - | ||
| 300 | |a v. ; |c 19 cm | ||
| 590 | |a Índex | ||
| 650 | |a Espanya. Gobierno |x Directoris |9 30066 | ||
| 650 | |a Institucions públiques |x Espanya |x Directoris |9 30067 | ||
| 650 | |a Espanya |x Noblesa |x Directoris |9 30068 | ||
| 866 | |a 1970, 1971, 1975, 1976 | ||
| 901 | |a Arxiu | ||
| 942 | |n 1 | ||
| 952 | |0 0 |1 0 |4 0 |6 O1109_O1110_O1111_O1112 |7 1 |9 45242 |a Arxiu |b Arxiu |d 2016-12-01 |l 0 |o O-1-109, O-1-110, O-1-111, O-1-112 |p 14077, 14080, 14081, |r 2016-12-01 00:00:00 |w 2016-12-01 |y ARXIU | ||
| 999 | |c 48316 |d 48316 | ||